Ľudovít Štúr o priemysle, kapitalizme a komunizme
Intelektuálne elity v štúrovských časoch. Modernizácia, dopravná infraštruktúra krajiny a industrializácia Uhorska z pohľadu Ľudovíta Štúra a Petra Kellnera Hostinského.
Guardado en:
| Autor principal: | |
|---|---|
| Formato: | Capítulo de libro |
| Lenguaje: | eslovaco |
| Materias: | |
| Etiquetas: |
Sin Etiquetas, Sea el primero en etiquetar este registro!
|
MARC
| LEADER | 00000naa a2200000 4500 | ||
|---|---|---|---|
| 001 | 0178842 | ||
| 005 | 20231011123240.0 | ||
| 041 | 0 | |a slo | |
| 044 | |a SK | ||
| 245 | 1 | 0 | |a Ľudovít Štúr o priemysle, kapitalizme a komunizme |c Roman Holec |
| 520 | |a Intelektuálne elity v štúrovských časoch. Modernizácia, dopravná infraštruktúra krajiny a industrializácia Uhorska z pohľadu Ľudovíta Štúra a Petra Kellnera Hostinského. | ||
| 610 | 2 | 0 | |a história |
| 610 | 2 | 0 | |a dejiny myslenia ekonomického |
| 610 | 2 | 0 | |a teórie ekonomické |
| 610 | 2 | 0 | |a teórie spoločnosti industriálnej |
| 610 | 2 | 0 | |a kapitalizmus |
| 610 | 2 | 0 | |a komunizmus |
| 100 | 1 | |a Holec, Roman | |